Diagnostic Liver Pathology (Record no. 1128)

MARC details
000 -LEADER
fixed length control field 00945cam a2200301 a 4500
001 - CONTROL NUMBER
control field 4440901
003 - CONTROL NUMBER IDENTIFIER
control field OSt
005 - DATE AND TIME OF LATEST TRANSACTION
control field 20230928080924.0
008 - FIXED-LENGTH DATA ELEMENTS--GENERAL INFORMATION
fixed length control field 940520s1994 moua b 001 0 eng
010 ## - LIBRARY OF CONGRESS CONTROL NUMBER
LC control number 94161543
020 ## - INTERNATIONAL STANDARD BOOK NUMBER
International Standard Book Number 0801628059
040 ## - CATALOGING SOURCE
Original cataloging agency DLC
Transcribing agency DLC
Modifying agency DLC
050 00 - LIBRARY OF CONGRESS CALL NUMBER
Classification number RC846.9
Item number .L44 1994
082 00 - DEWEY DECIMAL CLASSIFICATION NUMBER
Classification number WI 700 L515d 1994
Edition number 20
100 1# - MAIN ENTRY--PERSONAL NAME
Personal name Lee, Randall G.
9 (RLIN) 3075
245 10 - TITLE STATEMENT
Title Diagnostic Liver Pathology
250 ## - EDITION STATEMENT
Edition statement 1st ed.
260 ## - PUBLICATION, DISTRIBUTION, ETC. (IMPRINT)
Place of publication, distribution, etc. St. Louis :
Name of publisher, distributor, etc. Mosby,
Date of publication, distribution, etc. c1994.
300 ## - PHYSICAL DESCRIPTION
Extent vii, 517 p. :
Other physical details ill. ;
Dimensions 29 cm.
504 ## - BIBLIOGRAPHY, ETC. NOTE
Bibliography, etc Includes bibliographical references and index.
650 #0 - SUBJECT ADDED ENTRY--TOPICAL TERM
Topical term or geographic name as entry element Liver
General subdivision Diseases.
9 (RLIN) 3076
650 #2 - SUBJECT ADDED ENTRY--TOPICAL TERM
Topical term or geographic name as entry element Liver
General subdivision pathology.
9 (RLIN) 3077
650 #2 - SUBJECT ADDED ENTRY--TOPICAL TERM
Topical term or geographic name as entry element Liver Diseases
General subdivision diagnosis.
9 (RLIN) 3078
650 #2 - SUBJECT ADDED ENTRY--TOPICAL TERM
Topical term or geographic name as entry element Liver Diseases
General subdivision pathology.
9 (RLIN) 3079
906 ## - LOCAL DATA ELEMENT F, LDF (RLIN)
a 7
b cbc
c orignew
d 2
e ncip
f 19
g y-gencatlg
942 ## - ADDED ENTRY ELEMENTS (KOHA)
Source of classification or shelving scheme Other/Generic Classification Scheme
Koha item type Short Loan
Holdings
Withdrawn status Lost status Source of classification or shelving scheme Damaged status Not for loan Home library Current library Date acquired Source of acquisition Inventory number Total Checkouts Full call number Barcode Date last seen Koha item type
    Other/Generic Classification Scheme     MUST Main Library MUST Main Library 02/03/2015 Purchase 03/20130   WI 700 L515d 1994 2015-0434 02/03/2015 Short Loan